header

Core data iOS essentials (Record no. 131495)

MARC details
000 -LEADER
fixed length control field 01335nam a2200325 a 4500
100 1# - MAIN ENTRY--AUTHOR NAME
Personal name Harwani, B. M.
245 10 - TITLE STATEMENT
Title Core data iOS essentials
260 ## - PUBLICATION, DISTRIBUTION, ETC. (IMPRINT)
Place of publication Olton, Birmingham :
Name of publisher Packt Pub.,
Year of publication 2011.
300 ## - PHYSICAL DESCRIPTION
Number of Pages vii, 319 p. :
Other physical details ill. (some col.).
490 1# - SERIES STATEMENT
Series statement Community experience distilled
500 ## - GENERAL NOTE
General note Includes index.
650 #0 - SUBJECT ADDED ENTRY--TOPICAL TERM
Topical Term iPhone (Smartphone)
Topical Term iPad (Computer)
856 40 - ELECTRONIC LOCATION AND ACCESS
Uniform Resource Identifier http://site.ebrary.com/lib/rucke/Doc?id=10467625

No items available.

© 2026 Rongo University
Contact us: librarian | system librarian | Rongo university